[Event "NED-chT 2223"]
[Site "Netherlands"]
[Date "2022.11.26"]
[Round "4.9"]
[White "Pascual Palomo, Lucia"]
[Black "Nemegeer, Arne"]
[Result "0-1"]
[WhiteElo "2109"]
[BlackElo "2106"]
[PlyCount "114"]
[EventDate "2022.09.17"]
[EventType "team-tourn"]
[EventRounds "9"]
[EventCountry "NED"]
[SourceTitle "CBM 213 Extra"]
[Source "ChessBase"]
[SourceDate "2023.05.31"]
[SourceVersion "1"]
[SourceVersionDate "2023.05.31"]
[SourceQuality "1"]
[WhiteTeam "Charlois Europoort"]
[BlackTeam "Sas van Gent"]
[WhiteTeamCountry "NED"]
[BlackTeamCountry "NED"]

1. e4 c6 2. d4 d5 3. exd5 cxd5 4. Bd3 Nc6 5. c3 Qc7 6. h3 g6 7. Nf3 Bf5 8. Bxf5 gxf5 9. g3 e6 10. Bf4 Bd6 11. Bxd6 Qxd6 12. Nbd2 Nf6 13. Qe2 Ne4 14. 0-0-0 0-0-0 15. Rhf1 Kb8 16. Kb1 h5 17. Qe3 f6 18. Nb3 Rdg8 19. Nh4 Ne7 20. Nc5 Ng6 21. Nxg6 Rxg6 22. Nxe4 fxe4 23. c4 f5 24. c5 Qc7 25. Rg1 Rhg8 26. Rh1 Rf8 27. Qe2 Rg5 28. Rhg1 Rfg8 29. Rh1 f4 30. gxf4 Qxf4 31. Rc1 Qf3 32. Qb5 Qd3+ 33. Qxd3 exd3 34. Rcd1 Rf5 35. Rh2 Rf3 36. Kc1 Rgf8 37. Kd2 Rxf2+ 38. Rxf2 Rxf2+ 39. Kc3 Kc7 40. Rxd3 h4 41. Re3 Kd7 42. a3 a5 43. b3 Ke7 44. a4 Kf6 45. Kd3 Kf5 46. Re5+ Kf6 47. Re3 Ke7 48. Kc3 Rg2 49. Kd3 Rg5 50. Rf3 Rg1 51. Ke3 Re1+ 52. Kd3 Re4 53. Rf1 e5 54. dxe5 Rb4 55. Kc3 Ke6 56. Re1 Rf4 57. Re3 d4+ 0-1

[Event "EU-Cup Online Gr-D"]
[Site "Tornelo INT"]
[Date "2021.03.28"]
[Round "6.3"]
[White "Pascual Palomo, Lucia"]
[Black "Dauletova, Gulmira"]
[Result "0-1"]
[WhiteElo "2101"]
[BlackElo "2285"]
[PlyCount "94"]
[EventDate "2021.03.27"]
[EventType "team-tourn (rapid)"]
[EventRounds "9"]
[EventCountry "NET"]
[SourceTitle "CBM 201 Extra"]
[Source "ChessBase"]
[SourceDate "2021.05.31"]
[SourceVersion "1"]
[SourceVersionDate "2021.05.31"]
[SourceQuality "1"]
[WhiteTeam "Villalba 64 Miscasa II"]
[BlackTeam "Tremblay en France Girls"]
[WhiteTeamCountry "ESP"]
[BlackTeamCountry "FRA"]

1. e4 e5 2. Nf3 Nc6 3. d4 exd4 4. Nxd4 Nf6 5. Nc3 Bb4 6. Nxc6 bxc6 7. Bd3 0-0 8. 0-0 d5 9. exd5 cxd5 10. Bg5 c6 11. Ne2 Bd6 12. h3 Be5 13. c3 h6 14. Bh4 Rb8 15. Rb1 Re8 16. f4 Bd6 17. Nd4 Bd7 18. Kh1 Be7 19. Bf5 Ne4 20. Be1 Bf6 21. Bxd7 Qxd7 22. Qa4 Rb6 23. Rf3 Reb8 24. b3 Qb7 25. Qa3 c5 26. Ne2 d4 27. cxd4 cxd4 28. Rd1 Ra6 29. Qc1 Rxa2 30. Nxd4 Rd8 31. Nf5 Rxd1 32. Qxd1 Ra1 33. Qe2 Bc3 34. Rf1 g6 35. Bxc3 Rxf1+ 36. Qxf1 Nxc3 37. Nxh6+ Kg7 38. Ng4 Qxb3 39. Kh2 Qd5 40. Qa6 Qd4 41. Qf1 a5 42. Ne5 a4 43. g3 a3 44. Qg2 a2 45. Qf1 Qd2+ 46. Kh1 Qd1 47. Qxd1 Nxd1 0-1

[Event "ESP-chT CECLUB Div2"]
[Site "Linares"]
[Date "2018.08.18"]
[Round "7.3"]
[White "Anillo Fernandez, Isabel Maria"]
[Black "Pascual Palomo, Lucia"]
[Result "0-1"]
[WhiteElo "1924"]
[BlackElo "2119"]
[PlyCount "88"]
[EventDate "2018.08.14"]
[EventType "team-swiss"]
[EventRounds "7"]
[EventCountry "ESP"]
[SourceTitle "CBM 186 Extra"]
[Source "ChessBase"]
[SourceDate "2018.08.24"]
[SourceVersion "1"]
[SourceVersionDate "2018.08.24"]
[SourceQuality "1"]
[WhiteTeam "Oromana Broncesval"]
[BlackTeam "Villalba 64"]
[WhiteTeamCountry "ESP"]
[BlackTeamCountry "ESP"]

1. e4 e6 2. d4 d5 3. e5 c5 4. c3 Nc6 5. Nf3 Bd7 6. Be2 Nh6 7. 0-0 Nf5 8. dxc5 Bxc5 9. Bd3 Nh4 10. Nbd2 Nxf3+ 11. Nxf3 Qc7 12. Bf4 f6 13. Qe2 0-0 14. Bg3 fxe5 15. Nxe5 Nxe5 16. Bxe5 Bd6 17. Rae1 Bxe5 18. Qxe5 Qxe5 19. Rxe5 Rac8 20. f4 g6 21. h4 Kg7 22. h5 Rf6 23. hxg6 hxg6 24. Rf3 b5 25. Kf2 Rh8 26. b3 Rh4 27. Kg3 Rh1 28. c4 bxc4 29. bxc4 Bc6 30. Rf2 Rd1 31. Be2 Rd4 32. cxd5 Bxd5 33. Bb5 Rb4 34. Bd7 Kf7 35. Ree2 Ke7 36. Bc8 Rf8 37. Ba6 Rh8 38. Bd3 Kf6 39. Rb2 Ra4 40. Bf1 g5 41. fxg5+ Kxg5 42. Rfd2 Rg4+ 43. Kf2 Rh1 44. Rbc2 Rf4+ 0-1

[Event "ESP-chT CECLUB Div2"]
[Site "Linares"]
[Date "2018.08.15"]
[Round "3.3"]
[White "Pascual Palomo, Lucia"]
[Black "Jarque Megias, Juan Jose"]
[Result "0-1"]
[WhiteElo "2119"]
[BlackElo "2020"]
[PlyCount "158"]
[EventDate "2018.08.14"]
[EventType "team-swiss"]
[EventRounds "7"]
[EventCountry "ESP"]
[SourceTitle "CBM 186 Extra"]
[Source "ChessBase"]
[SourceDate "2018.08.24"]
[SourceVersion "1"]
[SourceVersionDate "2018.08.24"]
[SourceQuality "1"]
[WhiteTeam "Villalba 64"]
[BlackTeam "CajaGranada"]
[WhiteTeamCountry "ESP"]
[BlackTeamCountry "ESP"]

1. e4 e6 2. d3 d5 3. Nd2 Nf6 4. Ngf3 Be7 5. g3 0-0 6. Bg2 b6 7. 0-0 Bb7 8. Re1 dxe4 9. Ng5 c5 10. Ngxe4 Nc6 11. h4 Nd5 12. Nf3 Nd4 13. a3 h6 14. Nh2 Rc8 15. c3 Nc6 16. c4 Nf6 17. Bf4 Ba8 18. Rb1 Nd4 19. Be5 Nxe4 20. dxe4 Bf6 21. Bf4 e5 22. Be3 Qe7 23. Ng4 Rcd8 24. Qc1 Bb7 25. f4 Rd6 26. fxe5 Bxe5 27. Nxe5 Qxe5 28. Bf4 Qe6 29. Bxd6 Qxd6 30. Qf4 Qe6 31. Rbc1 Ba6 32. Bf1 Re8 33. b4 Bb7 34. Bg2 f5 35. e5 Bxg2 36. Kxg2 Qc6+ 37. Kh3 Rf8 38. b5 Qg6 39. Rcd1 Ne6 40. Qf3 f4 41. Qg4 Qxg4+ 42. Kxg4 fxg3 43. Kxg3 Nd4 44. Rd3 Re8 45. e6 Re7 46. Kg4 g6 47. a4 Kg7 48. Rd2 h5+ 49. Kg3 Kf6 50. Rf2+ Nf5+ 51. Kh3 Rxe6 52. Rxe6+ Kxe6 53. Re2+ Kf6 54. Re8 Nd6 55. Ra8 Nxc4 56. Rxa7 Ke5 57. Rg7 Kf6 58. Rc7 Na5 59. Ra7 Nc4 60. Rc7 Na5 61. Rh7 Ke5 62. Rg7 Kf6 63. Rg8 Kf5 64. Rb8 Nc4 65. Kg3 Ke4 66. Re8+ Kd5 67. Rb8 Ke4 68. Rg8 Kf5 69. Rf8+ Ke5 70. Kf3 Nd6 71. Rb8 Nc4 72. Rg8 Kf5 73. Ra8 Ke5 74. Ra7 Nd6 75. Ra6 Nc4 76. a5 bxa5 77. b6 Kd6 78. b7+ Kc7 79. Rxg6 Ne5+ 0-1

[Event "Madrid-chT 1718"]
[Site "Madrid"]
[Date "2018.01.28"]
[Round "7.25"]
[White "Pascual Palomo, Lucia"]
[Black "Ortega Ruiz, Jose Miguel"]
[Result "0-1"]
[WhiteElo "2107"]
[BlackElo "2285"]
[PlyCount "64"]
[EventDate "2017.11.19"]
[EventType "team-tourn"]
[EventRounds "14"]
[EventCountry "ESP"]
[SourceTitle "EXT 2019"]
[Source "ChessBase"]
[SourceDate "2018.10.10"]
[SourceVersion "1"]
[SourceVersionDate "2018.10.10"]
[SourceQuality "1"]
[WhiteTeam "Villalba 64"]
[BlackTeam "Collado Villalba"]
[WhiteTeamCountry "ESP"]
[BlackTeamCountry "ESP"]

1. e4 e5 2. Nf3 Nc6 3. d4 exd4 4. Nxd4 Nf6 5. Nxc6 bxc6 6. Bd3 d5 7. exd5 cxd5 8. h3 Bd6 9. 0-0 0-0 10. c3 c5 11. Bg5 Rb8 12. b3 Bc7 13. Nd2 Qd6 14. f4 Bb7 15. Qc2 h6 16. Bxf6 Qxf6 17. g3 Rfe8 18. Rae1 Ba5 19. Nb1 d4 20. Be4 Rxe4 21. Rxe4 Qc6 22. Re2 Qh1+ 23. Kf2 Qg2+ 24. Ke1 Qxg3+ 25. Ref2 dxc3 26. Na3 Ba6 27. Nc4 Bxc4 28. bxc4 Rb2 29. Qc1 Rd2 30. Qxd2 cxd2+ 31. Kd1 Qc3 32. Rf3 Qc1+ 0-1

[Event "Madrid Oliver Gonzalez Memorial-A 3rd"]
[Site "Madrid"]
[Date "2012.09.07"]
[Round "7"]
[White "Ballesteros Gonzalez, David"]
[Black "Pascual Palomo, Lucia"]
[Result "1-0"]
[WhiteElo "2227"]
[BlackElo "2120"]
[PlyCount "121"]
[EventDate "2012.09.01"]
[EventType "swiss"]
[EventRounds "9"]
[EventCountry "ESP"]
[SourceTitle "CBM 150 Extra"]
[Source "ChessBase"]
[SourceDate "2012.10.19"]
[SourceVersion "1"]
[SourceVersionDate "2012.10.19"]
[SourceQuality "1"]

1. d4 e6 2. c4 Nf6 3. Nf3 Bb4+ 4. Bd2 a5 5. a3 Bxd2+ 6. Qxd2 b6 7. g3 Bb7 8. Bg2 0-0 9. Nc3 d6 10. 0-0 Nbd7 11. Qc2 Qe7 12. b4 e5 13. e3 Rfe8 14. Rfe1 Nf8 15. Red1 Ng6 16. Nxe5 Bxg2 17. Nxg6 hxg6 18. Kxg2 Qd7 19. Qe2 g5 20. h3 Qf5 21. b5 Rac8 22. Rac1 g4 23. hxg4 Nxg4 24. Qf3 Qg5 25. Nd5 Re6 26. Rh1 f5 27. Rce1 Nh6 28. Rh5 Qd8 29. Reh1 Qe8 30. Rg5 Qf7 31. Qh5 Qxh5 32. Rgxh5 Kf7 33. Rc1 Re4 34. Kf3 Kg6 35. Rch1 Ree8 36. a4 Nf7 37. Kg2 Ng5 38. R5h4 Ne4 39. g4 fxg4 40. Rxg4+ Kf5 41. Rxg7 Nd2 42. Ne7+ Ke4 43. Nxc8 Rxc8 44. Rhh7 Rf8 45. Re7+ Kd3 46. Rxc7 Nxc4 47. Rh6 Rg8+ 48. Kh3 Nd2 49. Rxd6 Ne4 50. Rxb6 Nxf2+ 51. Kh4 Kxe3 52. Re6+ Kxd4 53. Rd7+ Kc3 54. b6 Kb3 55. Re2 Rh8+ 56. Kg3 Nh1+ 57. Kg2 Kxa4 58. b7 Kb3 59. Red2 Rb8 60. R2d6 a4 61. Rb6+ 1-0

[Event "Madrid Oliver Gonzalez Memorial-A 3rd"]
[Site "Madrid"]
[Date "2012.09.01"]
[Round "1"]
[White "Espinosa Aranda, Angel"]
[Black "Pascual Palomo, Lucia"]
[Result "1-0"]
[WhiteElo "2422"]
[BlackElo "2120"]
[PlyCount "61"]
[EventDate "2012.09.01"]
[EventType "swiss"]
[EventRounds "9"]
[EventCountry "ESP"]
[SourceTitle "CBM 150 Extra"]
[Source "ChessBase"]
[SourceDate "2012.10.19"]
[SourceVersion "1"]
[SourceVersionDate "2012.10.19"]
[SourceQuality "1"]

1. e4 e6 2. Qe2 e5 3. Nf3 Nc6 4. g3 Bc5 5. Bg2 d6 6. 0-0 Bg4 7. c3 a5 8. d3 Nf6 9. Nbd2 0-0 10. h3 Be6 11. Kh2 h6 12. Nh4 Bb6 13. Nc4 Bxc4 14. dxc4 a4 15. Bd2 Na5 16. Nf5 Qd7 17. Rab1 Qe6 18. b3 Ra6 19. h4 axb3 20. axb3 Nc6 21. Bh3 Qe8 22. Qf3 Qd8 23. Nxh6+ gxh6 24. Bxh6 Re8 25. Qf5 Kh8 26. Bg5 Kg7 27. h5 Rh8 28. g4 Nxg4+ 29. Bxg4 Qf8 30. Bf6+ Kg8 31. Qg5+ 1-0

[Event "Collado Villalba op-A 29th"]
[Site "Collado Villalba"]
[Date "2012.08.27"]
[Round "4"]
[White "Pascual Palomo, Lucia"]
[Black "Lopez Heras, Arturo"]
[Result "1-0"]
[WhiteElo "2120"]
[BlackElo "1971"]
[PlyCount "89"]
[EventDate "2012.08.24"]
[EventType "swiss"]
[EventRounds "9"]
[EventCountry "ESP"]
[SourceTitle "CBM 150 Extra"]
[Source "ChessBase"]
[SourceDate "2012.10.19"]
[SourceVersion "1"]
[SourceVersionDate "2012.10.19"]
[SourceQuality "1"]

1. e4 d6 2. d4 Nf6 3. Nc3 e5 4. Nf3 Nbd7 5. Bc4 Be7 6. 0-0 0-0 7. a4 c6 8. Re1 exd4 9. Nxd4 Ne5 10. Bf1 Re8 11. h3 Bd7 12. Be3 Bf8 13. f4 Ng6 14. Bd3 Qa5 15. Qf3 c5 16. Nde2 Bc6 17. Ng3 Rad8 18. Nd5 Bxd5 19. exd5 Nh4 20. Qd1 Qb4 21. Kh2 g6 22. Bb5 Re7 23. Rb1 a6 24. c3 Qa5 25. b4 Qc7 26. Bf1 Bh6 27. Qd2 Ne4 28. Nxe4 Rxe4 29. Bd3 Re7 30. Qf2 Nf5 31. Bxf5 gxf5 32. Qh4 Bg7 33. bxc5 Bxc3 34. Bd4 Rxe1 35. Bxc3 Rxb1 36. Bf6 Kf8 37. Bxd8 Qd7 38. Bf6 Qxa4 39. Be7+ Ke8 40. Bxd6 Qe4 41. Qg5 Kd7 42. Qf6 Qxd5 43. Qe7+ Kc6 44. Qc7+ Kb5 45. Qb6+ 1-0

[Event "EU-chT (Women) 18th"]
[Site "Porto Carras"]
[Date "2011.11.10"]
[Round "8.4"]
[White "Pascual Palomo, Lucia"]
[Black "Stoeri, Laura"]
[Result "0-1"]
[WhiteElo "2104"]
[BlackElo "1939"]
[PlyCount "110"]
[EventDate "2011.11.03"]
[EventType "team-swiss"]
[EventRounds "9"]
[EventCountry "GRE"]
[SourceTitle "EXT 2012"]
[Source "ChessBase"]
[SourceDate "2011.11.24"]
[SourceVersion "1"]
[SourceVersionDate "2011.11.24"]
[SourceQuality "1"]
[WhiteTeam "Spain (W)"]
[BlackTeam "Switzerland (W)"]
[WhiteTeamCountry "ESP"]
[BlackTeamCountry "SUI"]

1. e4 e5 2. Nf3 Nc6 3. d4 exd4 4. Nxd4 Nf6 5. Nc3 Bb4 6. Nxc6 bxc6 7. Bd3 d5 8. exd5 cxd5 9. Qe2+ Be7 10. Bg5 0-0 11. 0-0-0 c6 12. Rhe1 Bb4 13. h3 Qd6 14. Qf3 d4 15. Ne4 Nxe4 16. Qxe4 f5 17. Qe5 Qxe5 18. Rxe5 h6 19. Bd2 Bd6 20. Bc4+ Kh7 21. Ra5 Bb7 22. Re1 Rf6 23. Re2 Kg6 24. f3 Bc7 25. Ra4 c5 26. Re7 Bc6 27. Ra3 Bb6 28. g4 Re8 29. gxf5+ Kh7 30. Re6 Ref8 31. Re7 Re8 32. Rxe8 Bxe8 33. Be6 Bf7 34. Bc8 Bd5 35. Bf4 Rf8 36. Bd7 g5 37. Be5 Rf7 38. Bb5 c4 39. f6 Rf8 40. Bd7 Kg6 41. Bb5 Kf5 42. Bd6 Rxf6 43. Bb8 Rf7 44. Ra4 c3 45. Bc4 Re7 46. Bg3 Bxf3 47. Bd3+ Be4 48. Be2 Bc6 49. Bg4+ Kg6 50. Rc4 Bd5 51. Rc8 h5 52. Bd1 Re3 53. Bf2 Rxh3 54. Rf8 Rh1 55. Bg3 Rxd1+ 0-1

[Event "EU-chT (Women) 18th"]
[Site "Porto Carras"]
[Date "2011.11.09"]
[Round "7.4"]
[White "Newrkla, Katharina"]
[Black "Pascual Palomo, Lucia"]
[Result "1-0"]
[WhiteElo "2131"]
[BlackElo "2104"]
[PlyCount "63"]
[EventDate "2011.11.03"]
[EventType "team-swiss"]
[EventRounds "9"]
[EventCountry "GRE"]
[SourceTitle "EXT 2012"]
[Source "ChessBase"]
[SourceDate "2011.11.24"]
[SourceVersion "1"]
[SourceVersionDate "2011.11.24"]
[SourceQuality "1"]
[WhiteTeam "Austria (W)"]
[BlackTeam "Spain (W)"]
[WhiteTeamCountry "AUT"]
[BlackTeamCountry "ESP"]

1. e4 e6 2. d4 d5 3. Nc3 Nf6 4. e5 Nfd7 5. f4 c5 6. Nf3 Nc6 7. Be3 Be7 8. Qd2 0-0 9. dxc5 Bxc5 10. Bxc5 Nxc5 11. 0-0-0 Qa5 12. Kb1 Bd7 13. h4 Rfd8 14. h5 Be8 15. Bd3 Nxd3 16. Qxd3 Nb4 17. Qe3 Ba4 18. Nd4 Rac8 19. h6 g6 20. f5 exf5 21. e6 f6 22. e7 Rd6 23. a3 Na6 24. Nb3 Qc7 25. Nxa4 Qxc2+ 26. Ka1 Re8 27. Rhe1 Qxg2 28. Qf4 Rd7 29. Nac5 g5 30. Qxf5 Rd6 31. Re6 Nxc5 32. Nxc5 1-0

[Event "ESP-ch (Women)"]
[Site "Padron"]
[Date "2011.08.03"]
[Round "4"]
[White "Buiza Prieto, Eihartze"]
[Black "Pascual Palomo, Lucia"]
[Result "0-1"]
[WhiteElo "1668"]
[BlackElo "2127"]
[PlyCount "50"]
[EventDate "2011.08.01"]
[EventType "swiss"]
[EventRounds "7"]
[EventCountry "ESP"]
[SourceTitle "CBM 143 Extra"]
[Source "ChessBase"]
[SourceDate "2011.08.29"]
[SourceVersion "1"]
[SourceVersionDate "2011.08.29"]
[SourceQuality "1"]

1. e4 e6 2. b3 d5 3. Bb2 Nf6 4. e5 Nfd7 5. Qg4 c5 6. d4 cxd4 7. f4 Nc6 8. Nf3 Qa5+ 9. Nbd2 Nc5 10. Bd3 Ne4 11. Ke2 Nxd2 12. Nxd2 Bd7 13. Nf3 Qb6 14. f5 exf5 15. Bxf5 Bxf5 16. Qxf5 Be7 17. Rad1 0-0 18. a4 Rae8 19. Rhe1 Bb4 20. Rf1 Bd6 21. Kd2 Nxe5 22. Ng5 Ng6 23. Kc1 Re5 24. Qg4 Bc5 25. Bxd4 Bxd4 0-1

[Event "ESP-ch (Women)"]
[Site "Padron"]
[Date "2011.08.01"]
[Round "1"]
[White "Romero Diez, Sandra"]
[Black "Pascual Palomo, Lucia"]
[Result "0-1"]
[WhiteElo "1868"]
[BlackElo "2127"]
[PlyCount "60"]
[EventDate "2011.08.01"]
[EventType "swiss"]
[EventRounds "7"]
[EventCountry "ESP"]
[SourceTitle "CBM 143 Extra"]
[Source "ChessBase"]
[SourceDate "2011.08.29"]
[SourceVersion "1"]
[SourceVersionDate "2011.08.29"]
[SourceQuality "1"]

1. d4 e6 2. c4 Nf6 3. Nf3 b6 4. g3 Bb7 5. Bg2 Be7 6. 0-0 0-0 7. Nc3 Ne4 8. Qc2 f5 9. Rd1 Nxc3 10. Qxc3 Bf6 11. Bf4 Be4 12. Be5 d6 13. Bxf6 Rxf6 14. Ne5 Bxg2 15. Kxg2 Qe8 16. Qf3 c6 17. Nd3 Na6 18. Rac1 e5 19. dxe5 dxe5 20. e4 Qe7 21. a3 Raf8 22. Rc2 f4 23. Qh5 f3+ 24. Kg1 Qe6 25. h4 Nc5 26. Kh2 Rh6 27. Qxe5 Qg4 28. Nxc5 Rxh4+ 29. Kg1 Rh1+ 30. Kxh1 Qh3+ 0-1

[Event "ESP-ch Autonomicas"]
[Site "Gijon"]
[Date "2011.05.01"]
[Round "4.6"]
[White "Pascual Palomo, Lucia"]
[Black "Suarez Calvo, Alesandra"]
[Result "0-1"]
[WhiteElo "2163"]
[BlackElo "2006"]
[PlyCount "112"]
[EventDate "2011.04.29"]
[EventType "team-swiss"]
[EventRounds "6"]
[EventCountry "ESP"]
[SourceTitle "CBM 142 Extra"]
[Source "ChessBase"]
[SourceDate "2011.06.27"]
[SourceVersion "1"]
[SourceVersionDate "2011.06.27"]
[SourceQuality "1"]
[WhiteTeam "Madrid"]
[BlackTeam "Asturias"]
[WhiteTeamCountry "ESP"]
[BlackTeamCountry "ESP"]

1. e4 e6 2. d4 d5 3. Nd2 Nf6 4. e5 Nfd7 5. Bd3 c5 6. c3 Nc6 7. Ne2 Qb6 8. Nf3 cxd4 9. cxd4 f6 10. exf6 Nxf6 11. 0-0 Bd6 12. Bf4 Qc7 13. Qd2 0-0 14. g3 Ng4 15. Rac1 e5 16. dxe5 Ngxe5 17. Nxe5 Bxe5 18. Bxe5 Qxe5 19. Rfe1 Bf5 20. Bb5 Qd6 21. Nd4 Ne5 22. Rc3 Be4 23. Bf1 Qb4 24. Bg2 Nc4 25. Qc1 Qxb2 26. Qxb2 Nxb2 27. Bxe4 dxe4 28. Rxe4 Rxf2 29. Rb3 Rd2 30. Rxb7 Rc8 31. Ne2 Nd3 32. Ree7 g5 33. Rg7+ Kf8 34. Rxh7 Kg8 35. Rhg7+ Kh8 36. Rge7 g4 37. Rxa7 Nc1 38. Nf4 Rd1+ 39. Kf2 Rc2+ 40. Ne2 Rd8 41. a4 Rf8+ 42. Ke1 Rd8 43. Rh7+ Kg8 44. Rag7+ Kf8 45. Rf7+ Kg8 46. Nf4 Nd3+ 47. Nxd3 Rxd3 48. Rhg7+ Kh8 49. Rxg4 Rxh2 50. Ra7 Rhd2 51. Rh4+ Kg8 52. Rg4+ Kh8 53. Kf1 Rf3+ 54. Kg1 Rdf2 55. Ra5 Rf1+ 56. Kg2 R3f2+ 0-1

[Event "Benidorm (Women)"]
[Site "Benidorm"]
[Date "2010.12.10"]
[Round "6"]
[White "Meshcheriakova, Evgenia"]
[Black "Pascual Palomo, Lucia"]
[Result "1-0"]
[WhiteElo "2260"]
[BlackElo "2159"]
[PlyCount "138"]
[EventDate "2010.12.07"]
[EventType "tourn"]
[EventRounds "9"]
[EventCountry "ESP"]
[SourceTitle "CBM 139 Extra"]
[Source "ChessBase"]
[SourceDate "2011.01.05"]
[SourceVersion "1"]
[SourceVersionDate "2011.01.05"]
[SourceQuality "1"]

1. e4 e6 2. d4 d5 3. exd5 exd5 4. Nc3 Bb4 5. Bd3 Ne7 6. Bg5 Nbc6 7. a3 Bxc3+ 8. bxc3 f6 9. Bf4 Bf5 10. Rb1 b6 11. Ba6 0-0 12. Ne2 Qd7 13. 0-0 Nd8 14. Ng3 Bg6 15. Re1 Re8 16. Bb5 c6 17. Be2 Ne6 18. Bd2 Qd6 19. Bg4 f5 20. Bf3 Bf7 21. Qc1 Rf8 22. Ne2 Ng6 23. Bh5 f4 24. a4 Rae8 25. Kh1 Re7 26. a5 c5 27. axb6 axb6 28. Qb2 Rb7 29. dxc5 Nxc5 30. Bxg6 Bxg6 31. f3 Nd7 32. Qb4 Qxb4 33. Rxb4 Bxc2 34. Nxf4 Nf6 35. h4 Rd8 36. Re6 b5 37. Be3 Kf7 38. Ra6 Re8 39. Bd4 Rd8 40. Ne6 Re8 41. Nxg7 Re1+ 42. Kh2 Nd7 43. Nh5 Re6 44. Ra2 Bg6 45. Nf4 Rd6 46. h5 Bf5 47. g4 Be6 48. Ra8 Nb8 49. g5 Nc6 50. g6+ hxg6 51. hxg6+ Ke7 52. g7 Bf7 53. Bc5 Nxb4 54. cxb4 Kd7 55. Bxd6 Kxd6 56. Rf8 Ke7 57. Ng6+ Ke6 58. Ne5 Kxe5 59. Rxf7 Rxf7 60. g8Q Rxf3 61. Qb8+ Ke4 62. Qxb5 d4 63. Kg2 Rf4 64. Qe8+ Kd3 65. b5 Re4 66. Qg6 Ke3 67. b6 d3 68. Qxe4+ Kxe4 69. Kf2 Kd5 1-0

[Event "Benidorm (Women)"]
[Site "Benidorm"]
[Date "2010.12.08"]
[Round "3"]
[White "Pascual Palomo, Lucia"]
[Black "Guadamuro Torrente, Anabel"]
[Result "1/2-1/2"]
[WhiteElo "2159"]
[BlackElo "2143"]
[PlyCount "77"]
[EventDate "2010.12.07"]
[EventType "tourn"]
[EventRounds "9"]
[EventCountry "ESP"]
[SourceTitle "CBM 139 Extra"]
[Source "ChessBase"]
[SourceDate "2011.01.05"]
[SourceVersion "1"]
[SourceVersionDate "2011.01.05"]
[SourceQuality "1"]

1. e4 e5 2. Nf3 Nc6 3. d4 exd4 4. Nxd4 g6 5. Nc3 Bg7 6. Be3 Nf6 7. Nxc6 bxc6 8. e5 Ng8 9. f4 d6 10. Bc4 Nh6 11. Qd2 0-0 12. 0-0-0 Bg4 13. Be2 Bxe2 14. Qxe2 Nf5 15. Bf2 h5 16. g4 hxg4 17. Qxg4 Qe7 18. h4 Nh6 19. Qg1 Qe6 20. h5 dxe5 21. fxe5 Rad8 22. Rxd8 Rxd8 23. Bh4 Re8 24. Bf6 Ng4 25. hxg6 fxg6 26. Bxg7 Kxg7 27. Qd4 a5 28. a3 c5 29. Qxc5 Qxe5 30. Qc4 Nf6 31. Rf1 Re7 32. Kb1 g5 33. Rh1 g4 34. Qd3 Re8 35. Qd2 Qe3 36. Qg2 Qe5 37. Qd2 Qe3 38. Qg2 Qe5 39. Qd2 1/2-1/2